Normal view
MARC view
- INTERNAL COMBUSYION ENGINES TESTING INSTRUMENTS CONGRESSES GAS TURBIE TESTING INSTRUMENT CONGRESS
Entry Topical Term
001 - CONTROL NUMBER
- control field: 67201
003 - CONTROL NUMBER IDENTIFIER
- control field: NUST
005 - DATE AND TIME OF LATEST TRANSACTION
- control field: 20210628203751.0
008 - FIXED-LENGTH DATA ELEMENTS
- fixed length control field: 210628|| aca||aabn | a|a d
040 ## - CATALOGING SOURCE
- Original cataloging agency: NUST
- Transcribing agency: NUST
150 ## - HEADING--TOPICAL TERM
- Topical term or geographic name entry element: INTERNAL COMBUSYION ENGINES TESTING INSTRUMENTS CONGRESSES GAS TURBIE TESTING INSTRUMENT CONGRESS
670 ## - SOURCE DATA FOUND
- Source citation: Work cat.: (NUST): DURAU, F. G, WHITELAW, J. W, WITZE, P. O 67200, INSTRUMETATION FOR COMBUSTION AND FLOW IN ENGINES, 1987
